Logo BPK

Biblioteka

Politechniki Koszalińskiej

Zwięzły wstęp do bibliotekarstwa / (Rekord nr 16855)

Szczegóły MARC
000 -ETYKIETA REKORDU
podpole kontrolne o stałej długości 00329nam a2200133 i 4500
001 - NUMER KONTROLNY REKORDU
pole kontrolne bg
040 ## - ŹRÓDŁO KATALOGOWANIA
Instytucja, która utworzyła rekord BPK
041 ## - KOD JĘZYKA
Kod języka tekstu pol
008 - POLE O STAŁEJ DŁUGOŚCI - DANE KONTROLNE
podpole kontrolne o stałej długości s pl f |000 0 pol
100 1# - NAZWA OSOBOWA
Nazwa osobowa PIASECKI, Władysław
245 #0 - TYTUŁ/ODPOWIEDZIALNOŚĆ
Tytuł Zwięzły wstęp do bibliotekarstwa /
Pozostałe elementy strefy tytułu i oznaczenia odpowiedzialności Władysław Piasecki.
260 ## - STREFA ADRESU WYDAWNICZEGO
Miejsce wydania Kraków,
Data publikacji, dystrybucji/powstania dokumentu 1968.
856 ## - LOKALIZACJA I DOSTĘP DO ELEKTRONICZNYCH DOKUMENTÓW ZDALNYCH
Link (URL) http://koha.tu.koszalin.pl/cgi-bin/koha/opac-detail.pl?biblionumber=16855
Tekst linku Katalog online BPK
942 ## - DODATKOWE ELEMENTY (KOHA)
Typ dokumentu Książka
Egzemplarze
Wycofany Status egzemplarza Uszkodzony Dostępność Lokalizacja stała Lokalizacja bieżąca Miejsce przechowywania Sygnatura Kod kreskowy Typ dokumentu
      Dostępny Biblioteka Politechniki Koszalińskiej Biblioteka Politechniki Koszalińskiej Wypożyczalnia BG 20826 02189000 Książka
© 2023 Biblioteka Politechniki Koszalińskiej :: KOHA